Memoria de la infancia en la poesía española contemporánea
Guardat en:
| Autor principal: | |
|---|---|
| Format: | Llibre |
| Idioma: | espanyol |
| Publicat: |
Logroño
Instituto de Estudios Riojanos
1991
|
| Col·lecció: | Filología, 6
|
| Matèries: | |
| Etiquetes: |
Afegir etiqueta
Sense etiquetes, Sigues el primer a etiquetar aquest registre!
|
MARC
| LEADER | 00000nam a2200000 a 4500 | ||
|---|---|---|---|
| 001 | UCT5154 | ||
| 003 | CL-VaPUC | ||
| 008 | 961129e19910000SP |||||||||||||||||spa|d | ||
| 082 | 0 | 4 | |a 861.09 |b BAL |2 21 |
| 100 | 0 | |a Balmaseda Maestu, Enrique |e author |9 374458 | |
| 245 | 1 | 0 | |a Memoria de la infancia en la poesía española contemporánea |
| 300 | |a 236 p | ||
| 942 | |c BK | ||
| 945 | |d 19961129 00:00:00 |a nastorga | ||
| 260 | |a Logroño |b Instituto de Estudios Riojanos |c 1991 | ||
| 600 | 0 | 7 | |a UNAMUNO, MIGUEL DE |2 CL-VaPUC |9 312478 |
| 600 | 0 | |a Machado Ruíz, Antonio, |d 1875-1939 |9 389743 | |
| 650 | 0 | |a Poesía española |9 264938 | |
| 650 | 0 | |a Crítica e interpretación |9 255042 | |
| 583 | |a last modification |c 19961129 00:00:00 |k Rodrigo Vera | ||
| 490 | 0 | |a Filología, 6 | |
| 999 | |c 254164 |d 254162 | ||
| 952 | |0 0 |1 0 |4 0 |6 861_090000000000000_BAL_1991 |7 0 |8 A |9 275629 |a BIBEDU |b BIBEDU |d 2019-11-19 |i 3256294 |o 861.09 BAL 1991 |p 3256294 |r 2019-11-19 |w 2019-11-19 |y BK |k LIT | ||